[Event "Mittelfranken Landesliga Sued 2223"]
[Site "Mittelfranken"]
[Date "2022.10.23"]
[Round "2.6"]
[White "Weichlein, Paul"]
[Black "Schoellmann, Jochen"]
[Result "1/2-1/2"]
[WhiteElo "2103"]
[BlackElo "2117"]
[PlyCount "53"]
[EventDate "2022.10.09"]
[EventType "team-tourn"]
[EventRounds "9"]
[EventCountry "GER"]
[SourceTitle "EXT 2024"]
[Source "ChessBase"]
[SourceDate "2023.10.10"]
[SourceVersion "1"]
[SourceVersionDate "2023.10.10"]
[SourceQuality "1"]
[WhiteTeam "Haunstetten"]
[BlackTeam "Garching II"]
[WhiteTeamCountry "GER"]
[BlackTeamCountry "GER"]

1. d4 d5 2. c4 e6 3. Nc3 Be7 4. Nf3 Nf6 5. g3 0-0 6. Bg2 b6 7. 0-0 Bb7 8. Ne5 Nbd7 9. Qa4 c6 10. Nxc6 Bxc6 11. Qxc6 Rc8 12. Qb7 Rxc4 13. Nb5 a5 14. Bf4 Qa8 15. Qxa8 Rxa8 16. Rac1 Rac8 17. b3 Rc2 18. Bf3 Ne4 19. Nc7 Rxc1 20. Rxc1 Bd6 21. Bxe4 Bxf4 22. Bxh7+ Kxh7 23. gxf4 Nf6 24. Rc3 Ne4 25. Rc6 Nf6 26. Rc3 Ne4 27. Rc6 1/2-1/2

[Event "Oberliga Bayern 1920"]
[Site "Bayern"]
[Date "2020.02.09"]
[Round "6.8"]
[White "Schoellmann, Jochen"]
[Black "Richter, Martin"]
[Result "0-1"]
[WhiteElo "2116"]
[BlackElo "2041"]
[PlyCount "108"]
[EventDate "2019.10.20"]
[EventType "team-tourn"]
[EventRounds "9"]
[EventCountry "GER"]
[SourceTitle "EXT 2022"]
[Source "ChessBase"]
[SourceDate "2021.10.06"]
[SourceVersion "1"]
[SourceVersionDate "2021.10.06"]
[SourceQuality "1"]
[WhiteTeam "Garching II"]
[BlackTeam "Pang/Rosenheim"]
[WhiteTeamCountry "GER"]
[BlackTeamCountry "GER"]

1. d4 d5 2. c4 c6 3. Nc3 e6 4. e3 Nf6 5. Nf3 Nbd7 6. b3 Bd6 7. Be2 0-0 8. 0-0 Qe7 9. Bb2 dxc4 10. bxc4 e5 11. d5 Rd8 12. e4 Nf8 13. Qd3 Ng6 14. g3 Bg4 15. Nd2 Bh3 16. Rfc1 h5 17. Bf1 Bd7 18. a4 a5 19. Nb3 h4 20. Nd1 Bb4 21. Ne3 hxg3 22. hxg3 Ng4 23. f3 Nxe3 24. Qxe3 f5 25. exf5 Bxf5 26. g4 Qh4 27. gxf5 Qg3+ 28. Bg2 Nf4 29. Rc2 Re8 30. Kf1 e4 31. Qf2 Qxf2+ 32. Rxf2 e3 33. Re2 cxd5 34. cxd5 Nxd5 35. Rd1 Nf4 36. Bc1 Nxe2 37. Kxe2 Bd2 38. f4 Rac8 39. Bxd2 exd2+ 40. Kxd2 Red8+ 41. Ke2 Rxd1 42. Kxd1 b6 43. Kd2 Kf7 44. Kd3 Kf6 45. Nd4 Rc5 46. Be4 Rc8 47. Nb5 Ke7 48. Kd4 Rc5 49. Nc3 Kd6 50. Bd5 Rxc3 51. Bf7 Ra3 52. Be8 Rb3 53. Ke4 Rb4+ 54. Kf3 b5 0-1

[Event "Oberliga Bayern 1819"]
[Site "Bayern"]
[Date "2019.03.24"]
[Round "8.5"]
[White "Schoellmann, Jochen"]
[Black "Gretz, Denis"]
[Result "1/2-1/2"]
[WhiteElo "2224"]
[BlackElo "2288"]
[PlyCount "76"]
[EventDate "2018.10.21"]
[EventType "team-tourn"]
[EventRounds "9"]
[EventCountry "GER"]
[SourceTitle "EXT 2020"]
[Source "ChessBase"]
[SourceDate "2019.10.17"]
[SourceVersion "1"]
[SourceVersionDate "2019.10.17"]
[SourceQuality "1"]
[WhiteTeam "Garching II"]
[BlackTeam "Bayern Muenchen II"]
[WhiteTeamCountry "GER"]
[BlackTeamCountry "GER"]

1. d4 f5 2. Bg5 g6 3. Nc3 Bg7 4. h4 h6 5. Bf4 Nf6 6. Qd2 Nc6 7. Nf3 d6 8. 0-0-0 e6 9. e3 Qe7 10. Bb5 Bd7 11. d5 exd5 12. Nxd5 Nxd5 13. Qxd5 0-0-0 14. Nd4 Qf6 15. c3 Nxd4 16. Bxd7+ Rxd7 17. cxd4 Qf7 18. Qa5 a6 19. Kb1 Qc4 20. Rc1 Qb5 21. Qd2 Qd5 22. f3 Bf6 23. Qd3 Re7 24. Rcd1 Kb8 25. b3 Rhh7 26. Qc4 Qxc4 27. bxc4 Kc8 28. Kc2 Kd7 29. Rb1 g5 30. hxg5 hxg5 31. Rxh7 Rxh7 32. Bg3 b6 33. Kd3 Rh8 34. a4 Kc6 35. Rc1 Bg7 36. Re1 Bf6 37. Rc1 Be7 38. Re1 Bf6 1/2-1/2

[Event "Oberliga Bayern 1819"]
[Site "Bayern"]
[Date "2019.01.20"]
[Round "5.8"]
[White "Duerr, Florian"]
[Black "Schoellmann, Jochen"]
[Result "0-1"]
[WhiteElo "2067"]
[BlackElo "2224"]
[PlyCount "96"]
[EventDate "2018.10.21"]
[EventType "team-tourn"]
[EventRounds "9"]
[EventCountry "GER"]
[SourceTitle "EXT 2020"]
[Source "ChessBase"]
[SourceDate "2019.10.17"]
[SourceVersion "1"]
[SourceVersionDate "2019.10.17"]
[SourceQuality "1"]
[WhiteTeam "Erlangen SC"]
[BlackTeam "Garching II"]
[WhiteTeamCountry "GER"]
[BlackTeamCountry "GER"]

1. Nf3 d5 2. g3 c6 3. Bg2 Bg4 4. 0-0 Nd7 5. c4 e6 6. b3 Ngf6 7. Bb2 Bd6 8. d3 0-0 9. Nbd2 a5 10. a3 Re8 11. Qc2 h6 12. e4 dxe4 13. Nxe4 Nxe4 14. dxe4 Qc7 15. Qc3 e5 16. Nh4 Bc5 17. h3 Bd4 18. Qc2 Bxb2 19. Qxb2 Be6 20. Qc3 a4 21. b4 c5 22. Rfc1 Rec8 23. Bf1 Nb6 24. b5 f6 25. Kh2 Qf7 26. Ng2 Rd8 27. Ne3 Rd4 28. Nd5 Nc8 29. Qe3 Qd7 30. Ra2 Qd8 31. Bd3 Nd6 32. f3 Bxd5 33. exd5 Qe7 34. Re2 Re8 35. Ree1 b6 36. Bf1 f5 37. Qc3 f4 38. g4 h5 39. Rc2 hxg4 40. fxg4 e4 41. Rf2 Qe5 42. Kg1 g5 43. Qc2 Kg7 44. h4 e3 45. Rf3 gxh4 46. Qh2 Qg5 47. Kh1 Ne4 48. Be2 Ng3+ 0-1

[Event "BL2-Ost 1718"]
[Site "Germany"]
[Date "2018.02.24"]
[Round "9.8"]
[White "Schoellmann, Jochen"]
[Black "Delitzsch, Juergen"]
[Result "1-0"]
[WhiteElo "2221"]
[BlackElo "2204"]
[PlyCount "59"]
[EventDate "2017.10.21"]
[EventType "team-tourn"]
[EventRounds "10"]
[EventCountry "GER"]
[SourceTitle "CBM 183 Extra"]
[Source "ChessBase"]
[SourceDate "2018.04.19"]
[SourceVersion "1"]
[SourceVersionDate "2018.04.19"]
[SourceQuality "1"]
[WhiteTeam "Garching"]
[BlackTeam "Bindlach"]
[WhiteTeamCountry "GER"]
[BlackTeamCountry "GER"]

1. d4 Nf6 2. c4 g6 3. Nc3 Bg7 4. e4 d6 5. h3 0-0 6. Be3 c5 7. d5 e6 8. Nf3 exd5 9. exd5 Re8 10. Bd3 Na6 11. 0-0 Nc7 12. a4 b6 13. Qd2 a6 14. Bg5 Qd7 15. Nh2 Bb7 16. Bxf6 Bxf6 17. Ne4 Bg7 18. Qf4 Red8 19. Ng4 Ne8 20. Nef6+ Nxf6 21. Nxf6+ Bxf6 22. Qxf6 Re8 23. Rfe1 Qc7 24. h4 Re5 25. Rxe5 dxe5 26. h5 gxh5 27. Ra3 Qd8 28. Bxh7+ Kxh7 29. Qxf7+ Kh6 30. Rg3 1-0

[Event "Landesliga Sued 1617"]
[Site "Bayern"]
[Date "2016.12.04"]
[Round "3.4"]
[White "Schoellmann, Jochen"]
[Black "Bintakies, Michael"]
[Result "0-1"]
[WhiteElo "2108"]
[BlackElo "2133"]
[PlyCount "100"]
[EventDate "2016.10.16"]
[EventType "team-tourn"]
[EventRounds "9"]
[EventCountry "GER"]
[SourceTitle "EXT 2019"]
[Source "ChessBase"]
[SourceDate "2018.10.10"]
[SourceVersion "1"]
[SourceVersionDate "2018.10.10"]
[SourceQuality "1"]
[WhiteTeam "Garching II"]
[BlackTeam "Kriegshaber"]
[WhiteTeamCountry "GER"]
[BlackTeamCountry "GER"]

1. d4 e6 2. e4 d5 3. Nc3 dxe4 4. Nxe4 Nd7 5. Nf3 Ngf6 6. Nxf6+ Nxf6 7. Bd3 c5 8. Bg5 cxd4 9. Bb5+ Bd7 10. Bxd7+ Qxd7 11. Qxd4 Qxd4 12. Nxd4 Bc5 13. Nf3 Ne4 14. Be3 Rc8 15. c3 Ke7 16. Ke2 Rhd8 17. Rhd1 f6 18. Rxd8 Rxd8 19. Rc1 e5 20. b4 Bxe3 21. fxe3 g5 22. Rc2 g4 23. Ne1 b5 24. c4 bxc4 25. Rxc4 Rd2+ 26. Kf1 f5 27. Rc2 Rxc2 28. Nxc2 Kd6 29. Ke2 Nc3+ 30. Kd3 Nxa2 31. Kc4 h5 32. g3 Nc1 33. Na3 a6 34. b5 a5 35. Nb1 Ne2 36. b6 Kc6 37. b7 Kxb7 38. Kd5 f4 39. exf4 exf4 40. gxf4 Nxf4+ 41. Ke4 Nh3 42. Nc3 Kc6 43. Kd4 Ng5 44. Ke3 Kc5 45. Kf4 Kc4 46. Na4 Ne6+ 47. Kg3 Kb3 48. Nb6 a4 49. Nxa4 Kxa4 50. Kh4 Ng7 0-1

[Event "Landesliga Sued 1516"]
[Site "Bayern"]
[Date "2015.12.13"]
[Round "4.7"]
[White "Lanzinner, Denis"]
[Black "Schoellmann, Jochen"]
[Result "1/2-1/2"]
[WhiteElo "1982"]
[BlackElo "2108"]
[PlyCount "28"]
[EventDate "2015.10.11"]
[EventType "team-tourn"]
[EventRounds "9"]
[EventCountry "GER"]
[SourceTitle "EXT 2018"]
[Source "ChessBase"]
[SourceDate "2017.10.13"]
[SourceVersion "1"]
[SourceVersionDate "2017.10.13"]
[SourceQuality "1"]
[WhiteTeam "Freising"]
[BlackTeam "Garching II"]
[WhiteTeamCountry "GER"]
[BlackTeamCountry "GER"]

1. e4 e5 2. Bc4 Nc6 3. Nc3 Nf6 4. d3 Bb4 5. Nge2 d5 6. exd5 Nxd5 7. Bxd5 Qxd5 8. 0-0 Bxc3 9. Nxc3 Qd6 10. f4 exf4 11. Bxf4 Qe7 12. Kh1 Be6 13. Nb5 Rc8 14. d4 0-0 1/2-1/2

[Event "Regionalliga SW 1415"]
[Site "Bayern"]
[Date "2015.04.12"]
[Round "9.3"]
[White "Safyanovsky, Mark"]
[Black "Schoellmann, Jochen"]
[Result "1/2-1/2"]
[WhiteElo "2156"]
[BlackElo "2108"]
[PlyCount "73"]
[EventDate "2014.10.19"]
[EventType "team-tourn"]
[EventRounds "9"]
[EventCountry "GER"]
[SourceTitle "EXT 2018"]
[Source "ChessBase"]
[SourceDate "2017.10.13"]
[SourceVersion "1"]
[SourceVersionDate "2017.10.13"]
[SourceQuality "1"]
[WhiteTeam "Haunstetten"]
[BlackTeam "Garching II"]
[WhiteTeamCountry "GER"]
[BlackTeamCountry "GER"]

1. d4 d5 2. c4 c6 3. e3 Nf6 4. Nc3 Bf5 5. Bd3 Bxd3 6. Qxd3 e6 7. Nf3 Nbd7 8. 0-0 Be7 9. e4 dxe4 10. Nxe4 Nxe4 11. Qxe4 0-0 12. Bf4 Re8 13. Rfd1 h6 14. Qe2 Qa5 15. h3 Qf5 16. Bg3 Bf6 17. Qd3 Qxd3 18. Rxd3 Nb6 19. b3 Red8 20. Rad1 Rd7 21. Kf1 Rad8 22. Ke2 Nc8 23. Ne5 Bxe5 24. dxe5 Rxd3 25. Rxd3 Rxd3 26. Kxd3 Kf8 27. f4 Ke8 28. Bf2 h5 29. g4 hxg4 30. hxg4 Kd7 31. Ke4 b6 32. Bh4 Ne7 33. b4 g6 34. b5 cxb5 35. Bxe7 Kxe7 36. cxb5 Kf8 37. g5 1/2-1/2

[Event "Regionalliga SW 1415"]
[Site "Bayern"]
[Date "2015.03.15"]
[Round "8.3"]
[White "Schoellmann, Jochen"]
[Black "Gerstner, Bernhard"]
[Result "1/2-1/2"]
[WhiteElo "2108"]
[BlackElo "2098"]
[PlyCount "57"]
[EventDate "2014.10.19"]
[EventType "team-tourn"]
[EventRounds "9"]
[EventCountry "GER"]
[SourceTitle "EXT 2018"]
[Source "ChessBase"]
[SourceDate "2017.10.13"]
[SourceVersion "1"]
[SourceVersionDate "2017.10.13"]
[SourceQuality "1"]
[WhiteTeam "Garching II"]
[BlackTeam "MSA Zugzwang II"]
[WhiteTeamCountry "GER"]
[BlackTeamCountry "GER"]

1. d4 Nf6 2. c4 e6 3. Nc3 Bb4 4. e3 0-0 5. Nge2 d5 6. a3 Bd6 7. cxd5 exd5 8. Ng3 c5 9. dxc5 Bxc5 10. b4 Bd6 11. Nb5 Be5 12. Nd4 Nc6 13. Bb2 Qb6 14. Qd2 Nxd4 15. Bxd4 Bxd4 16. Qxd4 Qxd4 17. exd4 Re8+ 18. Be2 Ne4 19. f3 Nxg3 20. hxg3 Bf5 21. Kd2 g5 22. Rac1 Rac8 23. Bb5 Rxc1 24. Rxc1 Rc8 25. Rc5 Be6 26. Kc3 Kf8 27. Ba4 Ke7 28. Bb3 Kd6 29. Rxc8 1/2-1/2

[Event "Regionalliga SW 1415"]
[Site "Bayern"]
[Date "2015.02.01"]
[Round "6.3"]
[White "Schoellmann, Jochen"]
[Black "Lichtenstern, Christoph"]
[Result "0-1"]
[WhiteElo "2108"]
[BlackElo "2181"]
[PlyCount "124"]
[EventDate "2014.10.19"]
[EventType "team-tourn"]
[EventRounds "9"]
[EventCountry "GER"]
[SourceTitle "EXT 2018"]
[Source "ChessBase"]
[SourceDate "2017.10.13"]
[SourceVersion "1"]
[SourceVersionDate "2017.10.13"]
[SourceQuality "1"]
[WhiteTeam "Garching II"]
[BlackTeam "Haar"]
[WhiteTeamCountry "GER"]
[BlackTeamCountry "GER"]

1. d4 d5 2. c4 c6 3. Nc3 Nf6 4. e3 e6 5. Nf3 Bd6 6. b3 0-0 7. Be2 Re8 8. 0-0 Nbd7 9. Bb2 Qe7 10. Qc2 dxc4 11. bxc4 e5 12. Rfd1 e4 13. Nd2 h5 14. Nf1 Nf8 15. c5 Bc7 16. d5 Qxc5 17. Rac1 Be5 18. Nxe4 Qxc2 19. Nxf6+ Bxf6 20. Rxc2 Bxb2 21. Rxb2 c5 22. Bxh5 b6 23. Ng3 Bd7 24. e4 b5 25. f4 c4 26. e5 Rec8 27. Ne4 a5 28. Bxf7+ Kxf7 29. e6+ Ke7 30. exd7 Rcb8 31. d8Q+ Kxd8 32. Nd6 Kd7 33. Nxb5 c3 34. Rc2 a4 35. Rxc3 Rxb5 36. Ra3 Rb4 37. g3 Rc8 38. Rd2 Rcc4 39. Kf2 Nh7 40. Kf3 Nf6 41. d6 Ne4 42. Rdd3 Nxd6 43. Kg4 Kc6 44. Re3 Rb2 45. Re6 Rd4 46. Rg6 Rxh2 47. Rxg7 Nb5 48. Rg6+ Kc5 49. Re3 Rxa2 50. Ra6 Nc7 51. Rc3+ Kb5 52. Ra7 Nd5 53. Rc1 Rd3 54. Rb7+ Ka6 55. Rb8 Rg2 56. Rc6+ Ka7 57. Re8 a3 58. Re4 Kb7 59. Rce6 Rgxg3+ 60. Kf5 a2 61. Re1 Ra3 62. Ra1 Ne3+ 0-1

[Event "Rhein Main op-A 17th"]
[Site "Bad Homburg"]
[Date "2014.06.21"]
[Round "6"]
[White "Schoellmann, Jochen"]
[Black "Di Franco, Patricio"]
[Result "1-0"]
[WhiteElo "2284"]
[BlackElo "2094"]
[PlyCount "45"]
[EventDate "2014.06.18"]
[EventType "swiss"]
[EventRounds "7"]
[EventCountry "GER"]
[SourceTitle "CBM 161 Extra"]
[Source "ChessBase"]
[SourceDate "2014.08.29"]
[SourceVersion "1"]
[SourceVersionDate "2014.08.29"]
[SourceQuality "1"]

1. d4 c5 2. d5 Nf6 3. c4 b5 4. Qc2 e6 5. e4 bxc4 6. Bxc4 exd5 7. exd5 d6 8. Nc3 Be7 9. Nge2 0-0 10. 0-0 Na6 11. Ng3 Nc7 12. Nf5 Bxf5 13. Qxf5 Qd7 14. Qc2 Rfe8 15. h3 Bf8 16. Bg5 Be7 17. Bc1 Bf8 18. Rd1 g6 19. a4 Rab8 20. b3 Bg7 21. Bb2 Ne4 22. Nxe4 Bxb2 23. Nxc5 1-0

[Event "Rhein Main op-A 17th"]
[Site "Bad Homburg"]
[Date "2014.06.19"]
[Round "3"]
[White "Partzsch, Lukas"]
[Black "Schoellmann, Jochen"]
[Result "1/2-1/2"]
[WhiteElo "2116"]
[BlackElo "2284"]
[PlyCount "45"]
[EventDate "2014.06.18"]
[EventType "swiss"]
[EventRounds "7"]
[EventCountry "GER"]
[SourceTitle "CBM 161 Extra"]
[Source "ChessBase"]
[SourceDate "2014.08.29"]
[SourceVersion "1"]
[SourceVersionDate "2014.08.29"]
[SourceQuality "1"]

1. d4 d5 2. Nf3 c6 3. g3 Bg4 4. Bg2 Nd7 5. 0-0 e6 6. b3 Ngf6 7. Bb2 Bd6 8. Nbd2 Qb8 9. c4 0-0 10. Qc1 Rc8 11. e4 e5 12. dxe5 Nxe5 13. Nxe5 Bxe5 14. Re1 Bxb2 15. Qxb2 dxe4 16. Nxe4 Nxe4 17. Rxe4 Be6 18. Rd1 Rd8 19. Red4 Qc7 20. Qd2 Rxd4 21. Qxd4 a5 22. h4 h6 23. Qc5 1/2-1/2

[Event "Rhein Main op-A 17th"]
[Site "Bad Homburg"]
[Date "2014.06.19"]
[Round "2"]
[White "Schoellmann, Jochen"]
[Black "Kolker, Vladislav"]
[Result "1/2-1/2"]
[WhiteElo "2284"]
[BlackElo "2034"]
[PlyCount "53"]
[EventDate "2014.06.18"]
[EventType "swiss"]
[EventRounds "7"]
[EventCountry "GER"]
[SourceTitle "CBM 161 Extra"]
[Source "ChessBase"]
[SourceDate "2014.08.29"]
[SourceVersion "1"]
[SourceVersionDate "2014.08.29"]
[SourceQuality "1"]

1. d4 d5 2. c4 e6 3. Nc3 c5 4. cxd5 cxd4 5. Qxd4 Nc6 6. Qd1 exd5 7. Qxd5 Bd7 8. Nf3 Nf6 9. Qd1 Bc5 10. e3 Qe7 11. Be2 g5 12. a3 g4 13. Nd2 h5 14. b4 Bb6 15. Nc4 Bc7 16. Nb5 0-0-0 17. Nxc7 Kxc7 18. b5 Ne5 19. b6+ axb6 20. Qb3 Nxc4 21. Qxc4+ Bc6 22. Bb2 Rhe8 23. Qf4+ Rd6 24. 0-0 Nd5 25. Qc4 f5 26. a4 Qg5 27. Rfd1 1/2-1/2

[Event "BL2-Ost 1314"]
[Site "Germany"]
[Date "2014.01.18"]
[Round "9.7"]
[White "Schoellmann, Jochen"]
[Black "Pfeufer, Lion"]
[Result "0-1"]
[WhiteElo "2268"]
[BlackElo "2008"]
[PlyCount "116"]
[EventDate "2013.10.12"]
[EventType "team-tourn"]
[EventRounds "10"]
[EventCountry "GER"]
[SourceTitle "EXT 2015"]
[Source "ChessBase"]
[SourceDate "2014.11.20"]
[SourceVersion "1"]
[SourceVersionDate "2014.11.20"]
[SourceQuality "1"]
[WhiteTeam "Garching"]
[BlackTeam "Plauen Koenig"]
[WhiteTeamCountry "GER"]
[BlackTeamCountry "GER"]

1. d4 Nf6 2. c4 g6 3. Nc3 Bg7 4. e4 d6 5. h3 0-0 6. Be3 Nbd7 7. Be2 e5 8. d5 Nc5 9. Qc2 a5 10. Nf3 Ne8 11. g4 f5 12. gxf5 gxf5 13. Bxc5 dxc5 14. 0-0-0 Bh6+ 15. Kb1 Qf6 16. Nd2 Nd6 17. Bd3 Bxd2 18. Rxd2 f4 19. Nb5 Qe7 20. Be2 f3 21. Nxd6 cxd6 22. Rg1+ Kh8 23. Bd1 Bxh3 24. Rg3 Bg2 25. Qb3 Rf4 26. Bxf3 Bxf3 27. Rxf3 Rxe4 28. a3 Rg8 29. Rd1 Rh4 30. Ka2 Rgg4 31. Rc1 Rf4 32. Rg1 a4 33. Qe3 Rxf3 34. Qxf3 Rxc4 35. Qg3 Qf8 36. Qh3 Rf4 37. Qd7 Rxf2 38. Qxa4 Rf7 39. Qh4 b5 40. Rg6 Rf4 41. Qh6 Qxh6 42. Rxh6 Rd4 43. Rxd6 e4 44. Re6 Rxd5 45. Rxe4 Kg7 46. a4 bxa4 47. Rxa4 Kf6 48. Kb3 h5 49. Kc2 Kf5 50. b3 Kg5 51. Ra8 Kg4 52. Rg8+ Rg5 53. Rh8 h4 54. Kd3 h3 55. Ke4 Kg3 56. Rd8 h2 57. Rh8 Kg2 58. Kf4 Rg7 0-1

[Event "Regionalliga SW 1314"]
[Site "Bayern"]
[Date "2013.10.13"]
[Round "1.2"]
[White "Schoellmann, Jochen"]
[Black "Bonacci, Mauro"]
[Result "1-0"]
[WhiteElo "2223"]
[BlackElo "2062"]
[PlyCount "123"]
[EventDate "2013.10.13"]
[EventType "team-tourn"]
[EventRounds "9"]
[EventCountry "GER"]
[SourceTitle "EXT 2015"]
[Source "ChessBase"]
[SourceDate "2014.11.20"]
[SourceVersion "1"]
[SourceVersionDate "2014.11.20"]
[SourceQuality "1"]
[WhiteTeam "Garching II"]
[BlackTeam "MSA Zugzwang II"]
[WhiteTeamCountry "GER"]
[BlackTeamCountry "GER"]

1. d4 Nf6 2. c4 g6 3. Nc3 Bg7 4. e4 d6 5. h3 Nbd7 6. Be3 e5 7. d5 Nc5 8. Qc2 a5 9. Be2 0-0 10. Nf3 Nh5 11. g3 f5 12. Bxc5 dxc5 13. Nd2 Nf6 14. 0-0-0 Bh6 15. Kb1 Bxd2 16. Qxd2 Nxe4 17. Nxe4 fxe4 18. Qe3 b6 19. h4 Qf6 20. Rh2 Bf5 21. h5 g5 22. h6 Kh8 23. Rh5 Rg8 24. Re1 Rae8 25. Bd1 Rg6 26. Reh1 Rf8 27. g4 Bd7 28. Qxe4 Qf4 29. Bc2 Qxe4 30. Bxe4 Rgg8 31. f3 Rf4 32. Re1 Be8 33. Rh2 Bd7 34. Re3 Rf6 35. Kc2 Re8 36. Kd1 a4 37. Ke2 c6 38. Rh5 b5 39. dxc6 Bxc6 40. Bxc6 Rxc6 41. cxb5 Rb6 42. Kd3 Rxb5 43. Rxg5 Rxb2 44. Rgxe5 Rxe5 45. Rxe5 Kg8 46. Rxc5 Rxa2 47. Ke4 Re2+ 48. Kf5 a3 49. Ra5 a2 50. f4 Rb2 51. Ra8+ Kf7 52. Ra7+ Kf8 53. g5 Rb5+ 54. Kg4 Rb2 55. f5 Rh2 56. Kg3 Rh5 57. Kf4 Rh2 58. Ke5 Rb2 59. g6 hxg6 60. fxg6 Rg2 61. Ra8+ Ke7 62. h7 1-0

[Event "Oslo Vederhus Memorial op"]
[Site "Oslo"]
[Date "2013.09.29"]
[Round "8"]
[White "Adhiban, Baskaran"]
[Black "Schoellmann, Jochen"]
[Result "1-0"]
[WhiteElo "2567"]
[BlackElo "2268"]
[PlyCount "43"]
[EventDate "2013.09.29"]
[EventType "swiss"]
[EventRounds "9"]
[EventCountry "NOR"]
[SourceTitle "CBM 156 Extra"]
[Source "ChessBase"]
[SourceDate "2013.10.22"]
[SourceVersion "1"]
[SourceVersionDate "2013.10.22"]
[SourceQuality "1"]

1. e4 e5 2. Nf3 Nc6 3. Bb5 Nf6 4. d3 Bd6 5. c3 a6 6. Ba4 0-0 7. 0-0 Re8 8. Nbd2 Bf8 9. Re1 b5 10. Bb3 Na5 11. Bc2 d5 12. exd5 Qxd5 13. d4 e4 14. Ne5 Nc4 15. Nxe4 Nxe5 16. Nxf6+ gxf6 17. Be4 Qe6 18. dxe5 Rb8 19. exf6 Kh8 20. Qh5 Qf5 21. Qxf7 Bb7 22. Bh6 1-0

[Event "Regionalliga SW 1213"]
[Site "Bayern"]
[Date "2013.03.17"]
[Round "8.2"]
[White "Altmann, Christoph"]
[Black "Schoellmann, Jochen"]
[Result "1/2-1/2"]
[WhiteElo "2003"]
[BlackElo "2235"]
[PlyCount "142"]
[EventDate "2012.10.14"]
[EventType "team-tourn"]
[EventRounds "9"]
[EventCountry "GER"]
[SourceTitle "EXT 2015"]
[Source "ChessBase"]
[SourceDate "2014.11.20"]
[SourceVersion "1"]
[SourceVersionDate "2014.11.20"]
[SourceQuality "1"]
[WhiteTeam "Sendling"]
[BlackTeam "Garching II"]
[WhiteTeamCountry "GER"]
[BlackTeamCountry "GER"]

1. d4 g6 2. e4 Bg7 3. Nc3 d5 4. Be3 dxe4 5. Nxe4 Nh6 6. c3 Nf5 7. Bf4 Nd6 8. Nxd6+ cxd6 9. Nf3 Qb6 10. Qb3 Qxb3 11. axb3 Nd7 12. Bd3 0-0 13. 0-0 Rd8 14. Bg5 f6 15. Be3 d5 16. Ra5 Nb8 17. Rfa1 Nc6 18. R5a3 a6 19. b4 Rb8 20. Bf1 h6 21. h3 b5 22. Nd2 e5 23. Nb3 Bf8 24. Nc5 Bxc5 25. bxc5 Kg7 26. b4 Bb7 27. R3a2 Rd7 28. g3 Re8 29. Bg2 e4 30. h4 Rdd8 31. Bf1 g5 32. hxg5 hxg5 33. Rxa6 Bxa6 34. Rxa6 Nb8 35. Ra7+ Kf8 36. Bxb5 Re7 37. Ra8 Rb7 38. Ba4 Ke7 39. Bc1 Nc6 40. Bxc6 Rxa8 41. Bxb7 Ra1 42. Bxd5 Rxc1+ 43. Kg2 Rxc3 44. Bxe4 Rb3 45. d5 Rxb4 46. Bf5 Rc4 47. c6 Kd6 48. Be6 Rc3 49. Kh3 Rf3 50. Kg2 Rc3 51. f3 Rc2+ 52. Kh3 Rc4 53. Kg2 Rc2+ 54. Kh3 Rc4 55. Kg2 Ke5 56. Kf2 Rc3 57. g4 Kd4 58. Kg3 Rc1 59. Kf2 Rc5 60. Kg3 Ke5 61. Bf7 Rc1 62. Be6 Rc5 63. Bf7 Rc1 64. Be6 Rc3 65. Bf7 f5 66. gxf5 Kxf5 67. Be6+ Kf6 68. Kg4 Rc4+ 69. Kg3 Rc3 70. Bg4 Ke5 71. Be6 Kf6 1/2-1/2

[Event "BL2-Ost 1213"]
[Site "Germany"]
[Date "2012.11.25"]
[Round "3.8"]
[White "Schoellmann, Jochen"]
[Black "Motl, Martin"]
[Result "1-0"]
[WhiteElo "2263"]
[BlackElo "2183"]
[PlyCount "81"]
[EventDate "2012.10.14"]
[EventType "team-tourn"]
[EventRounds "9"]
[EventCountry "GER"]
[SourceTitle "CBM 154 Extra"]
[Source "ChessBase"]
[SourceDate "2013.06.25"]
[SourceVersion "2"]
[SourceVersionDate "2013.06.25"]
[SourceQuality "1"]
[WhiteTeam "Garching"]
[BlackTeam "Zugzwang MSA"]
[WhiteTeamCountry "GER"]
[BlackTeamCountry "GER"]

1. d4 Nf6 2. c4 e6 3. Nc3 Bb4 4. e3 c5 5. Nge2 cxd4 6. exd4 b6 7. a3 Bxc3+ 8. Nxc3 Bb7 9. Bd3 d5 10. 0-0 0-0 11. Bg5 h6 12. Bh4 dxc4 13. Bxc4 Nc6 14. d5 Na5 15. Ba2 g5 16. Bg3 Nxd5 17. Bxd5 exd5 18. Qg4 f5 19. Qh5 Qf6 20. f4 d4 21. Nb5 g4 22. Bh4 Qc6 23. Rf2 Nb3 24. Re1 Rae8 25. Rxe8 Rxe8 26. Rc2 Nc5 27. Nxd4 Qd7 28. Qg6+ Kf8 29. Qxh6+ Kg8 30. Qg6+ Kf8 31. Bf6 Re1+ 32. Kf2 Nd3+ 33. Kg3 Qf7 34. Qh6+ Ke8 35. Qh8+ Qf8 36. Qh5+ Qf7 37. Qh8+ Qf8 38. Nxf5 Qxh8 39. Bxh8 Bc8 40. Nd6+ Kd7 41. Nxc8 1-0

[Event "BL2-Ost 1112"]
[Site "Germany"]
[Date "2012.04.15"]
[Round "9.6"]
[White "Schoellmann, Jochen"]
[Black "Zwanzger, Johannes"]
[Result "1/2-1/2"]
[WhiteElo "2264"]
[BlackElo "2326"]
[PlyCount "110"]
[EventDate "2011.10.02"]
[EventType "team-tourn"]
[EventRounds "9"]
[EventCountry "GER"]
[SourceTitle "EXT 2015"]
[Source "ChessBase"]
[SourceDate "2014.11.20"]
[SourceVersion "1"]
[SourceVersionDate "2014.11.20"]
[SourceQuality "1"]
[WhiteTeam "Garching"]
[BlackTeam "Forchheim"]
[WhiteTeamCountry "GER"]
[BlackTeamCountry "GER"]

1. e4 c5 2. c3 g6 3. d4 Bg7 4. Nf3 cxd4 5. Nxd4 Nc6 6. Be3 Nf6 7. Bd3 0-0 8. Nd2 d5 9. 0-0 e5 10. N4b3 Re8 11. Re1 b6 12. exd5 Qxd5 13. Bc4 Qd8 14. Bg5 Bb7 15. Qe2 Qc7 16. Rad1 Rad8 17. Ne4 Rxd1 18. Rxd1 Nxe4 19. Qxe4 Nd4 20. Bd5 Bxd5 21. Qxd5 Ne6 22. Be3 Rd8 23. Qf3 e4 24. Qe2 f5 25. g3 Kf7 26. Kg2 Bf6 27. Rxd8 Qxd8 28. Qc4 g5 29. Bd4 Ke7 30. Bxf6+ Kxf6 31. Nd4 Qd6 32. Nxe6 Qxe6 33. Qd4+ Kg6 34. b3 f4 35. gxf4 gxf4 36. Kf1 Qh3+ 37. Ke1 e3 38. Qxf4 exf2+ 39. Kxf2 Qxc3 40. Qe4+ Kf6 41. Qxh7 Qd2+ 42. Kf3 Qxa2 43. Qh8+ Kf7 44. Qh7+ Kf8 45. Qh8+ Kf7 46. Qh5+ Kf6 47. Qh4+ Kg6 48. Qg4+ Kh7 49. Qh5+ Kg7 50. Qg5+ Kh7 51. Qe7+ Kg6 52. Qe6+ Kg7 53. Qe7+ Kg6 54. Qe6+ Kg7 55. Qe7+ Kg6 1/2-1/2